Fast Typing A - Z - Statistics

General Stats
  • This quiz has been taken 48 times
  • The average score is 25 of 26
Answer Stats
Answer % Correct
a
100%
n
100%
b
97%
c
97%
d
97%
e
97%
f
97%
g
97%
h
97%
i
97%
j
97%
k
97%
l
97%
m
97%
o
97%
p
97%
q
97%
r
97%
s
97%
t
97%
u
97%
v
93%
w
93%
x
93%
y
93%
z
93%
No matching quizzes found
Score Distribution
Percent of People with Each Score
Percentile by Number Answered
Your Score History
You have not taken this quiz